LEADER 02498nam 2200589 450 001 9910807087603321 005 20200520144314.0 010 $a1-4804-8379-6 035 $a(CKB)3710000000232426 035 $a(EBL)1806388 035 $a(SSID)ssj0001416610 035 $a(PQKBManifestationID)11792044 035 $a(PQKBTitleCode)TC0001416610 035 $a(PQKBWorkID)11357961 035 $a(PQKB)10667245 035 $a(MiAaPQ)EBC1806388 035 $a(Au-PeEL)EBL1806388 035 $a(CaONFJC)MIL604555 035 $a(OCoLC)892801719 035 $a(EXLCZ)993710000000232426 100 $a20181229d2014 uy 1 101 0 $aeng 135 $aur|n|---||||| 181 $ctxt 182 $cc 183 $acr 200 14$aThe age of innocence /$fEdith Wharton 210 1$aNew York, New York :$cOpen Road Media,$d2014. 215 $a1 online resource (409 p.) 300 $aDescription based upon print version of record. 327 $aCover Page; Title Page; Book I; I; II; III; IV; V; VI; VII; VIII; IX; X; XI; XII; XIII; XIV; XV; XVI; XVII; XVIII; Book II; XIX; XX; XXI; XXII; XXIII; XXIV; XXV; XXVI; XXVII; XXVIII; XXIX; XXX; XXXI; XXXII; XXXIII; XXXIV; Copyright Page 330 $aThe Pulitzer Prize-winning novel of desire and duty in Gilded Age New YorkA respected lawyer and scion of one of Manhattan's most important families, Newland Archer knows what people expect of him and is eager to comply. The first step on the path to happiness is to wed May Welland, a beautiful young woman of fine social standing. But the arrival of the worldly and exotic Countess Olenska, May's cousin, changes everything. Ellen Olenska's scandalous intention to divorce her husband, a Polish nobleman, is so far outside the realm of Newland's experience that he cannot help but be fascinated by 606 $aUpper class$vFiction 606 $aTriangles (Interpersonal relations)$vFiction 606 $aSocial norms$vFiction 606 $aSeparated women$vFiction 606 $aMarried people$vFiction 607 $aNew York (N.Y.)$vFiction 615 0$aUpper class 615 0$aTriangles (Interpersonal relations) 615 0$aSocial norms 615 0$aSeparated women 615 0$aMarried people 676 $a813/.54 700 $aWharton$b Edith$f1862-1937,$0163522 801 0$bMiAaPQ 801 1$bMiAaPQ 801 2$bMiAaPQ 906 $aBOOK 912 $a9910807087603321 996 $aAge of innocence$938031 997 $aUNINA LEADER 04019nam 2200757 450 001 9910827526803321 005 20230803204655.0 010 $a3-11-039435-9 010 $a3-11-036619-3 024 7 $a10.1515/9783110366198 035 $a(CKB)3710000000229297 035 $a(EBL)1692405 035 $a(SSID)ssj0001333253 035 $a(PQKBManifestationID)11857201 035 $a(PQKBTitleCode)TC0001333253 035 $a(PQKBWorkID)11377876 035 $a(PQKB)10705836 035 $a(DE-B1597)428344 035 $a(OCoLC)890089798 035 $a(OCoLC)979760430 035 $a(DE-B1597)9783110366198 035 $a(Au-PeEL)EBL1692405 035 $a(CaPaEBR)ebr11014088 035 $a(CaONFJC)MIL806110 035 $a(MiAaPQ)EBC1692405 035 $a(EXLCZ)993710000000229297 100 $a20150211h20142014 uy 0 101 0 $ager 135 $aur|n|---||||| 181 $ctxt 182 $cc 183 $acr 200 14$aLas familias de palabras $erelaciones entre morfologi?a, sema?ntica y estructura argumental en las rai?ces "dec(ir)" y "sag(en)" /$fHe?ctor Herna?ndez Arocha 210 1$aBerlin, [Germany] ;$aBoston, [Massachusetts] :$cWalter de Gruyter GmbH,$d2014. 210 4$d©2014 215 $a1 online resource (648 p.) 225 1 $aBeihefte zur Zeitschrift fu?r romanische Philologie,$x0084-5396 ;$vBand 388 300 $aDescription based upon print version of record. 311 $a3-11-037093-X 320 $aIncludes bibliographical references and index. 327 $t Frontmatter -- $tÍndice -- $tÍndice de abreviaturas -- $tIntroducción -- $t1. Semántica paradigmática: problemas teóricos y estado de la cuestión -- $t2. El sistema léxico y familias de palabras -- $t3. La familia de palabras «decir» -- $t4. La familia de palabras «sagen» -- $t5. Conclusiones generales -- $t6. Bibliografía -- $tÍndice de autores 330 $aEl presente volumen estudia - por primera vez de forma comparativa tanto en el mundo hispano como germanoparlante - las estructuras léxicas denominadas tradicionalmente «familias de palabras» y las bases teórico-metodológicas de su análisis. En él se discuten los desarrollos teóricos surgidos, sobre todo pero no exclusivamente, en Alemania, España y Francia, ejemplificándolos con las familias derivadas de las raíces dec(ir) y sag(en). Dada la cercanía conceptual de familia léxica con respecto a otras macroestructuras, como el campo semántico, y teniendo en cuenta el interés que presentan tales macroesructuras para la semántica y la teoría del léxico, este volumen inicia una discusión sobre las posibilidades de análisis de este fenómeno léxico-gramatical, partiendo de modelos de análisis específicos en este ámbito, como los de Augst (1998), Morera (2007) y Splett (2009), para proponer puntos de confluencia con otros modelos generales de análisis léxico como el Bierwisch/Wunderlich, Coseriu/Geckeler, Jackendoff, Levin/Rappaport, Morera, Pustejovsky, Trujillo, Van Valin, Wotjak, entre otros. 410 0$aBeihefte zur Zeitschrift fu?r romanische Philologie ;$vBand 388. 606 $aSpanish language$xGrammar, Comparative$xGerman 606 $aGerman language$xGrammar, Comparative$xSpanish 606 $aDecir (The Spanish word) 606 $aSagen (The German word) 606 $aComparative linguistics 610 $aMorphology. 610 $aSemantics. 610 $aWord Families. 615 0$aSpanish language$xGrammar, Comparative$xGerman. 615 0$aGerman language$xGrammar, Comparative$xSpanish. 615 0$aDecir (The Spanish word) 615 0$aSagen (The German word) 615 0$aComparative linguistics. 676 $a435/.6 686 $aIM 4380$2rvk 700 $aHerna?ndez Arocha$b He?ctor$f1986-$01720994 801 0$bMiAaPQ 801 1$bMiAaPQ 801 2$bMiAaPQ 906 $aBOOK 912 $a9910827526803321 996 $aLas familias de palabras$94120123 997 $aUNINA LEADER 01720nam0 22003491i 450 001 UON00015354 005 20231205101952.191 100 $a20020107g19611962 |0itac50 ba 101 $aeng$aMUL 102 $aGB 105 $a|||| 1|||| 200 1 $aKurdish Dialect Studies$fby D.N. MacKenzie 210 $aLondon$cOxford University Press$d1961-1962 215 $a2 v.$d22 cm 316 $aVol. 1$5IT-UONSI GLOTTC 2III/031 316 $aIRA II CD 3 (2)$5IT-UONSI IRAIICD/003 316 $aIRA II CD 3 (1 )$5IT-UONSI IRAIICD/003 410 1$1001UON00066322$12001 $aLondon oriental series$v9 606 $aLingua curda$xGrammatiche e manuali$3UONC000553$2FI 620 $aGB$dLondon$3UONL003044 686 $aIRA II CD$cIRAN - LINGUISTICA - CURDO - DIALETTOLOGIA$2A 700 1$aMackenzie$bDavid N.$3UONV002859$00 712 $aOxford University Press$3UONV245947$4650 790 1$aMacKENZIE, D. N.$zMackenzie, David N.$3UONV064543 801 $aIT$bSOL$c20250711$gRICA 912 $aUON00015354 950 $aSIBA - SISTEMA BIBLIOTECARIO DI ATENEO$dSI GLOTT C 2 III 031 $eSI GL 267 5 031 Vol. 1 950 $aSIBA - SISTEMA BIBLIOTECARIO DI ATENEO$dSI IRA II CD 003 $eSI MR 80547 5 003 IRA II CD 3 (2) 950 $aSIBA - SISTEMA BIBLIOTECARIO DI ATENEO$dSI IRA II CD 003 $eSI MR 80832 5 003 IRA II CD 3 (1 ) 966 $aLINGUE IRANICHE - NEOIRANICO$yLingua curda - Grammatiche e manuali$3UONC005449 996 $aKurdish Dialect Studies$91196041 997 $aUNIOR